Library of the University of Algiers 3
Ibrahim Sultan Cheibout
شعار جامعة الجزائر 3
مكتبة جامعة الجزائر 3
إبراهيم سلطان شيبوط

اساليب دعم قدرات اجهزة التطوير الاداري في الدول النامية / (رقم التسجيلة. 42839)

تفاصيل مارك
000 -LEADER
fixed length control field 02581nam a2200229Ia 4500
003 - CONTROL NUMBER IDENTIFIER
control field Ost
005 - DATE AND TIME OF LATEST TRANSACTION
control field 20260507075109.0
008 - FIXED-LENGTH DATA ELEMENTS--GENERAL INFORMATION
fixed length control field 260507s9999||||xx |||||||||||||| ||und||
040 ## - CATALOGING SOURCE
Transcribing agency fsecg
041 ## - LANGUAGE CODE
Language code of text/sound track or separate title ara
082 ## - DEWEY DECIMAL CLASSIFICATION NUMBER
Classification number 330
100 ## - MAIN ENTRY--PERSONAL NAME
Personal name الأمم المتحدة
Relator term مؤلف
245 #0 - TITLE STATEMENT
Title اساليب دعم قدرات اجهزة التطوير الاداري في الدول النامية /
Statement of responsibility, etc. الأمم المتحدة
260 ## - PUBLICATION, DISTRIBUTION, ETC.
Place of publication, distribution, etc. الأردن:
Name of publisher, distributor, etc. المنظمة العربية للتنمية الادارية,
Date of publication, distribution, etc. 1994
300 ## - PHYSICAL DESCRIPTION
Extent 112 صفحة؛
Other physical details مخطاطات وأشكال
Dimensions 24 سم
520 ## - SUMMARY, ETC.
Summary, etc. تقرير اجتماع الخبراء 11-15 ديسمبر 1989 م، بروكسل الجزء الأول : تقرير عن الاجتماع : الظروف البيئية المتغيرة التي تعمل فيها أجهزة التطوير الإداري : دور أجهزة التطوير الإداري : قيود ومعوقات فعالية أجهزة التطوير الإداري : الترتيبات الهيكلية لأجهزة التطوير الإداري-الجزء الثاني : الأوراق الفنية : زيادة فعالية نظام الإدارة العامة : اهتمامات وقضايا : الأدوار والمسؤوليات المتغيرة للدولة : الأثر على القطاع العام : الحاجة إلى التدريب إداري : عوامل بيئية أخرى : تطوير مؤسسات القطاع العام : الطلب على المهارات الإدارية : التطوير الإداري في الدول النامية : مدخل موقفي لتكامل نظرية الإدارة والسباق : دور الإصلاح الإدارية في التنمية : القدرات الإدارية : الحلقة الضعيفة في سلسلة التنمية : معوقات تحسين فعالية إدارة التنمية : التطوير الإداري الكفاءة الفنية وأكثر : المخل الموقفي للتطوير الإداري : المتطلبات المفاهيمية لاستخدام المدخل الموقفي في التطوير الإداري : تكامل إدارة الكفاءة والإدارة الموقفية : التصميم والعمليات التنظيمية وتشيجع الكفاءة : مداخل تخفيض القوى العاملة : الابتكار في بيئة الندرة.
653 ## - INDEX TERM--UNCONTROLLED
Uncontrolled term اداره حكومية
653 ## - INDEX TERM--UNCONTROLLED
Uncontrolled term الاداره العامة
653 ## - INDEX TERM--UNCONTROLLED
Uncontrolled term التنمية الإدارية
653 ## - INDEX TERM--UNCONTROLLED
Uncontrolled term الدول النامية
942 ## - ADDED ENTRY ELEMENTS (KOHA)
Koha item type كتب
المقتنيات
Withdrawn status Lost status Source of classification or shelving scheme Damaged status Not for loan Home library Current library Date acquired Serial enumeration / chronology Inventory number Total checkouts Full call number Barcode Date last seen Price effective from Koha item type
    Dewey Decimal Classification   NOT LOAN / إعارة داخلية مكتبة كلية العلوم الإقتصادية والعلوم التجارية وعلوم التسيير مكتبة كلية العلوم الإقتصادية والعلوم التجارية وعلوم التسيير 07/05/2026 الطابق الأرضي 1413/1   أ/1413ن1 1413/1 07/05/2026 07/05/2026 كتب

موارد الويب المفتوحة


© University of Algiers 3 All Rights Reserved
|
Implemented by LECHELAH Riad